Pedres commemoratives / (Record no. 24550)
[ view plain ]
| 000 -CABECERA | |
|---|---|
| campo de control de longitud fija | 00845naa a22002537a 4500 |
| 001 - NÚMERO DE CONTROL | |
| campo de control | vtls000028211 |
| 003 - IDENTIFICADOR DEL NÚMERO DE CONTROL | |
| campo de control | ES-BaIT |
| 005 - FECHA Y HORA DE LA ÚLTIMA TRANSACCIÓN | |
| campo de control | 20260415173029.0 |
| 007 - CAMPO FIJO DE DESCRIPCIÓN FÍSICA--INFORMACIÓN GENERAL | |
| campo de control de longitud fija | t| |
| 008 - DATOS DE LONGITUD FIJA--INFORMACIÓN GENERAL | |
| campo de control de longitud fija | 111114s1998 spc|||||| |00| |cat|d |
| 010 ## - NÚMERO DE CONTROL DE LA BIBLIOTECA DEL CONGRESO | |
| Número de control de LC | 28211 |
| 035 ## - NÚMERO DE CONTROL DEL SISTEMA | |
| Número de control de sistema | 0028-21160 |
| 039 #9 - NIVEL DE CONTROL BIBLIOGRÁFICO Y DETALLES DE CODIFICACIÓN [OBSOLETO] | |
| Nivel de reglas en descripción bibliográfica | 201403072317 |
| Nivel de esfuerzo utilizado para asignar no-encabezamientos de materia en puntos de acceso | VLOAD |
| Nivel de esfuerzo utilizado en la asignación de encabezamientos de materia | 201303092013 |
| Nivel de esfuerzo utilizado para asignar clasificación | VLOAD |
| Nivel de esfuerzo utilizado en la asignación de encabezamientos de materia | 201111141540 |
| Nivel de esfuerzo utilizado para asignar clasificación | VLOAD |
| 041 1# - CÓDIGO DE LENGUA | |
| Código de lengua del texto/banda sonora o título independiente | cat |
| Código de lengua original | ger |
| 100 1# - ENTRADA PRINCIPAL--NOMBRE DE PERSONA | |
| Nombre de persona | Schnitzler, Arthur, |
| Fechas asociadas al nombre | 1862-1931 |
| 9 (RLIN) | 45679 |
| 240 10 - TÍTULO UNIFORME | |
| Título uniforme | Denksteine. |
| Lenguaje de la obra | Català |
| 245 10 - MENCIÓN DE TÍTULO | |
| Título | Pedres commemoratives / |
| Mención de responsabilidad, etc. | Arthur Schnitzler ; traducció de Feliu Formosa |
| 500 ## - NOTA GENERAL | |
| Nota general | P2: D1, H1 |
| 500 ## - NOTA GENERAL | |
| Nota general | Forma part de: Anatol |
| 773 0# - ENLACE AL DOCUMENTO FUENTE/ENTRADA DE REGISTRO ANFITRIÓN | |
| Encabezamiento principal | Schnitzler, Arthur / |
| Lugar, editor y fecha de publicación | Barcelona : Institut del Teatre, Diputació de Barcelona, 1998 |
| Número de control del registro | vtls000028092 |
| Número Internacional Estándar del Libro | 84-7794-540-3 |
| Número bibliográfico anfitrión | 24434 |
| Título | Anatol ; La megalomania d'Anatol |
| 790 ## - Identificador-font | |
| w | 0028-09260 |
| 790 ## - Identificador-font | |
| a | 002809260 |
| 942 ## - ELEMENTOS DE ENTRADA AGREGADA (KOHA) | |
| Tipo de ítem Koha | Article |
| Fuente del sistema de clasificación o colocación | Clasificación decimal universal |
No items available.


